Học tập cũng cần chiến lược = Study guides and strategies

Cuốn sách này không chỉ cung cấp những phương pháp học hiệu quả và hiện đại đang áp dụng trên khắp thế giới mà nó như là một người chỉ huy đưa bạn đến với cách học tập thông minh và nhàn nhã nhất trong hiện tại và sự nghiệp tương lai....

Полное описание

Сохранить в:
Библиографические подробности
Главный автор: Landsberger, Joe
Формат:
Язык:Undetermined
Опубликовано: Hà Nội Lao động 2016
Предметы:
Метки: Добавить метку
Нет меток, Требуется 1-ая метка записи!
Thư viện lưu trữ: Trung tâm Học liệu Trường Đại học Cần Thơ
LEADER 01040nam a2200217Ia 4500
001 CTU_220986
008 210402s9999 xx 000 0 und d
020 |c 75000 
082 |a 371.3028 
082 |b L263 
100 |a Landsberger, Joe 
245 0 |a Học tập cũng cần chiến lược = 
245 0 |b Study guides and strategies 
245 0 |c Joe Landfberger ; Nguyễn Thanh Hương... [et al.] (dịch) 
260 |a Hà Nội 
260 |b Lao động 
260 |c 2016 
520 |a Cuốn sách này không chỉ cung cấp những phương pháp học hiệu quả và hiện đại đang áp dụng trên khắp thế giới mà nó như là một người chỉ huy đưa bạn đến với cách học tập thông minh và nhàn nhã nhất trong hiện tại và sự nghiệp tương lai. 
650 |a Chiến lược học tập,Learning strategies 
904 |i Hải 
980 |a Trung tâm Học liệu Trường Đại học Cần Thơ